|
|
|
|
| LEADER |
00891nam a2200193 a 4500 |
| 001 |
00025968 |
| 008 |
121003s2012 bg 001 0 eng d |
| 040 |
|
|
|a BD-DhAAL
|c BD-DhAAL
|
| 082 |
0 |
0 |
|a 354.549200722
|2 22
|
| 100 |
1 |
|
|a Muhit, Abul Mal Abdul.
|
| 245 |
0 |
0 |
|a Budget Speech 2012-13 :
|b a chronicle of last three years: building the future /
|c Abul Mal Abdul Muhit
|
| 260 |
|
|
|a Dhaka :
|b Ministry of Finance, Government of the People's Republic of Bangladesh,
|c 2012
|
| 300 |
|
|
|a vi, 149 p. :
|b ill. ;
|c 25 cm.
|
| 541 |
|
|
|a 00025968
|
| 650 |
|
0 |
|a Budget
|z Bangladesh
|
| 710 |
2 |
|
|a Ministry of Finance,Government of the People's Republic of Bangladesh.
|
| 852 |
1 |
|
|a Ayesha Abed Library
|j General shelf
|
| 999 |
|
|
|c 12874
|d 12874
|
| 952 |
|
|
|0 0
|1 0
|4 0
|6 354_549200722000000_MUH
|7 0
|9 21205
|a BRACUL
|b BRACUL
|c GEN
|d 2012-10-03
|e Development Book Agency
|g 150.00
|l 0
|o 354.549200722 MUH
|p 3010025968
|r 2012-10-04
|t 1
|w 2012-10-03
|y BK
|